Countries With Antarctic Research Stations - Statistics

General Stats
  • This quiz has been taken 42 times
  • The average score is 28 of 33
Answers on the Map
Answers color-coded by a green-red scale on the quiz's map according to % correct below.
 
Answer Stats
Number of Stations Station Names Country % Correct
13 Belgrano II, Brown, Cámara... Argentina
100%
11 (12) Arturo Prat, Carvajal, Collins Chile
100%
2 Concordia, Dumont d'Urville France
100%
6 Bellinghausen, Mirny, Molodyozhnaya... Russia
100%
5 Halley, Port Lockroy, Rothera... United Kingdom
100%
4 Beaver Lake, Casey, Davis... Australia
97%
1 Comandante Ferraz Brazil
97%
4 Kunlun, Great Wall, Taishan... China
97%
5 Dallmann, GARS, Gondwana... Germany
97%
3 (4) Arrival Heights Station, Scott Base, Vanda New Zealand
97%
2 Bharati, Maitri India
95%
2 Mizuho, Showa Japan
95%
2 Tor, Troll Norway
95%
2 Gabriel de Castilla, Juan Carlos I Spain
95%
5 Amudsen-Scott South Pole, Lenie, McMurdo... United States
95%
2 E Base, SANAE IV South Africa
92%
2 Svea, Wasa Sweden
92%
1 Aboa Finland
90%
2 Concordia, Zucchelli Italy
90%
2 King Sejong, Jang Bogo South Korea
87%
1 TARS Turkey
85%
1 Dirck Gerritsz Laboratory Netherlands
82%
1 Machu Picchu Peru
79%
2 Arctowski, Dobrowolski Poland
79%
1 Princess Elisabeth Belgium
74%
1 Jinnah Pakistan
74%
1 Vernadsky Ukraine
69%
2 Artigas, Elichiribehety Uruguay
69%
1 Maldonado Ecuador
56%
2 Eco-Nelson, Mendel Czech Republic
54%
1 Law-Racoviță-Negoiță Romania
54%
1 Vechernyaya Belarus
46%
1 St. Kliment Ohridski Bulgaria
46%
No matching quizzes found
Score Distribution
Percent of People with Each Score
Percentile by Number Answered
Your Score History
You have not taken this quiz